Education, incentives and growth - education in rural areas and entrepreneurs in Okayama in modern times
Salvato in:
| Autore principale: | |
|---|---|
| Natura: | Libro |
| Lingua: | inglese |
| Pubblicazione: |
Brisbane
The University of Queensland
1992
|
| Serie: | Discussion Paper
No. 105 |
| Soggetti: | |
| Tags: |
Nessun Tag, puoi essere il primo ad aggiungerne!!
|
MARC
| LEADER | 00000nam a2200000 4500 | ||
|---|---|---|---|
| 001 | c100366 | ||
| 005 | 20221123102144.5 | ||
| 022 | |a 1033-4661 | ||
| 041 | 0 | |a eng | |
| 044 | |a AU | ||
| 245 | 1 | 0 | |a Education, incentives and growth - education in rural areas and entrepreneurs in Okayama in modern times |c Hiroshi Ishida |
| 264 | 1 | |a Brisbane |b The University of Queensland |c 1992 | |
| 300 | |a 35 s. | ||
| 490 | 1 | |a Discussion Paper |v No. 105 | |
| 830 | 0 | |a Discussion Paper |v No. 105 | |
| 610 | 2 | 0 | |a vzdelanie |
| 610 | 2 | 0 | |a vzdelávanie |
| 610 | 2 | 0 | |a vzdelávanie ďalšie |
| 610 | 2 | 0 | |a motivácia |
| 610 | 2 | 0 | |a motivácia pracovná |
| 610 | 2 | 0 | |a vidiek |
| 610 | 2 | 0 | |a podnikatelia |
| 610 | 2 | 0 | |a Japonsko |
| 100 | 1 | |a Ishida, Hiroshi | |